Catalog

Record Details

Catalog Search



The Duties of Parents / J.C. Ryle Cover Image Book Book

The Duties of Parents / J.C. Ryle

Ryle, J.C. (Author).

Record details

  • ISBN: 1-58339-170-3
  • Physical Description: 38 s.
  • Edition: Fourth edition
  • Publisher: Triangle Press , 1997.

Available copies

  • 1 of 1 copy available at Common Catalog SPOK.

Holds

  • 0 current holds with 1 total copy.
Show Only Available Copies
Location Call Number / Copy Notes Barcode Shelving Location Status Due Date
ETS Library 649.1 424470017674 Volný výběr Available -

LDR nam a22 i 4500
00146411
003CZ-PrJAB
00520200417183039.0
007ta
008 s xr e 000 0 cze
020 . ‡a1-58339-170-3
040 . ‡aABG450 ‡bcze ‡erda
072 7. ‡2Konspekt
08214. ‡a649.1
1001 . ‡aRyle, J.C.
24510. ‡aThe Duties of Parents / ‡bJ.C. Ryle
250 . ‡aFourth edition
264 1. ‡a Triangle Press , ‡b1997.
300 . ‡a38 s.
336 . ‡atext ‡btxt ‡2rdacontent
338 . ‡asvazek ‡bnc ‡2rdacarrier
910 . ‡aABG450
901 . ‡a46411 ‡b ‡c46411 ‡tbiblio

Additional Resources